साल हा साल (Record no. 396519)

MARC details
000 -LEADER
fixed length control field 00621 a2200205 4500
005 - DATE & TIME
control field 20260218115115.0
008 - FIXED-LENGTH DATA ELEMENTS--GENERAL INFORMATION
fixed length control field 260218b |||||||| |||| 00| 0 eng d
020 ## - ISBN
International Standard Book Number 9789393219480
Price रु 500.00
040 ## - CATALOGING SOURCE
Original cataloging agency VIVEKANANDA LIBRARY
082 ## - DDC NUMBER
Classification number 891.43301741
Book Number DP851S
100 ## - MAIN ENTRY--PERSONAL NAME
Personal name दुबे, पुरषोतम
110 ## - MAIN ENTRY--CORPORATE NAME
Corporate name
245 ## - TITLE STATEMENT
Title साल हा साल
250 ## - EDITION STATEMENT
Edition statement Latest edition
260 ## - PUBLICATION, DISTRIBUTION, ETC. (IMPRINT)
Name of publisher, distributor, etc राइजिंग स्टार्स
Date of publication, distribution, etc 2025
Place of publication, distribution, etc दिल्ली
300 ## - PHYSICAL DESCRIPTION
Pages 152
650 ## - Subject
Subject हिन्दी साहित्य
651 ## - SUBJECT ADDED ENTRY--GEOGRAPHIC NAME
Geographic name हिन्दी कहानी
942 ## - ADDED ENTRY ELEMENTS (KOHA)
Koha item type Hindi Books
Holdings
Withdrawn status Lost status Source of classification or shelving scheme Damaged status Not for loan Location (home branch) Sublocation or collection (holding branch) Date acquired Koha issues (times borrowed) Accession No. Koha date last seen Koha item type
    Dewey Decimal Classification     VIVEKANANDA LIBRARY VIVEKANANDA LIBRARY 10/02/2026   438248 10/02/2026 Books
© Designed and Maintained by Vivekananda Library, MDU Rohtak